Management (Record no. 17306)
[ view plain ]
| 000 -LEADER | |
|---|---|
| fixed length control field | 00326nam a22001457a 4500 |
| 020 ## - INTERNATIONAL STANDARD BOOK NUMBER | |
| International Standard Book Number | 0395326206 |
| 082 ## - DEWEY DECIMAL CLASSIFICATION NUMBER | |
| Classification number | 558 |
| 100 ## - MAIN ENTRY--PERSONAL NAME | |
| Personal name | Kreitner,R |
| 245 ## - TITLE STATEMENT | |
| Title | Management |
| 250 ## - EDITION STATEMENT | |
| Edition statement | 2nd ed. |
| 260 ## - PUBLICATION, DISTRIBUTION, ETC. | |
| Place of publication, distribution, etc. | London |
| Name of publisher, distributor, etc. | Houghton Mifflin |
| Date of publication, distribution, etc. | 1983 |
| 300 ## - PHYSICAL DESCRIPTION | |
| Extent | xv,667p.ill. ;charts,tables,pictures,25cm |
| 500 ## - GENERAL NOTE | |
| General note | index |
| 942 ## - ADDED ENTRY ELEMENTS (KOHA) | |
| Koha item type | Books |
No items available.
